Statistiques concernant Mercredi

Cliquez ici pour prendre le quiz!

Statistiques générales

  • Ce quiz a été pris 108 fois
  • Le résultat moyen est 4 sur 11

Statistiques - réponses

QuestionsRéponses% Correct
En France, chaque _______ mercredi du mois, le signal national d'alerte est testé à midi et à 12 h 10 dans la plupart des communes.Premier
73%
Le nom mercredi vient du latin Mercurii dies ce qui signifie « jour de _____ »Mercure
68%
Traditionnellement le mercredi est considéré comme le _______ jour de la semaine.Quatrième
66%
En France, en Belgique et en Suisse, le mercredi est le jour de sortie des nouveaux _____.Films
54%
En France, le mercredi est le jour où le _______ des ministres se réunit généralement.Conseil
51%
Pour certains chrétiens, le Mercredi des ________ (lendemain du Mardi Gras) marque le début du Carême.Cendres
47%
« Mercredi en huit » signifie « mercredi ______ ».Prochain
43%
Le mercredi est considéré comme le troisième jour de la semaine par la numérotation ISO de ____ (année).1988
27%
Au Moyen Âge, le mercredi soir marquait le début de la ______ de Dieu.Trêve
7%
Les mercredis ainsi que les dimanches, on récite généralement les mystères glorieux du Saint _______.Rosaire
3%
Le Mercredi _______ celui qui suit Pâques pour les orthodoxes.Radieux
1%

Distribution des résultats

Percentile par nombre de réponses

% des personnes avec chaque résultat

Votre développement - résultats

Vous n’avez pas pris ce quiz